| LEADER 00000nam 2200000uu 4500 |
| 001 210949 |
| 003 ULIBM |
| 008 020711s2558 th a 000 0 tha d |
| 020 9786163941473
|
| 041 ^atha^beng
|
| 050 4 H62 ก728ก 2558
|
| 100 กุลวดี โรจน์ไพศาลกิจ
|
| 245 การวิจัยปฏิบัติการแบบมีส่วนร่วมทางสุขภาพในชุมชน=^bCommunity-based participatory action research in health/^cกุลวดี โรจน์ไพศาลกิจ
|
| 246 00 ^aCommunity-based participatory action research in health
|
| 250 พิมพ์ครั้งที่ 1
|
| 260 ฉะเชิงเทรา :^bสาขาวิชาสาธารณสุขศาสตร์ คณะวิทยาศาสตร์และเทคโนโลยี มหาวิทยาลัยราชภัฎราชนครินทร์,^c2558
|
| 300 233 หน้า :^bภาพประกอบ ;^c30 ซม.
|
| 650 4 วิจัยปฏิบัติการ
|
| 650 4 ^aอนามัยชุมชน
|
| 650 4 ^aวิจัย
|
| 710 2 ^aมหาวิทยาลัยราชภัฎราชนครินทร์. คณะวิทยาศาสตร์และเทคโนโลยี. สาขาวิชาสาธารณสุขศาสตร์.
|
| 999 ^aใช้งานได้ทุกระบบ
|